000 00393nam a2200157Ia 4500
008 210210b1965 xxu||||| |||| 00| 0 eng d
082 _a082 SENG
100 _aSEN (N B).
245 _aGlorious thoughts of Tagore. Ed 1.
250 _a
260 _aNew Delhi.
_bNew Book Society Of India.,
_c1965
300 _a256
650 _aTagore Thoughts
690 _aQuotation
906 _a02734
999 _c78637
_d78637